000 00957cab a2200229 4500
001 ABS68236
008 040920n2004 000 0 eng u
035 _a(Sirsi) u127456
100 _aWood, B.
245 _aEnergy from waste
260 _c2004
490 _aWastes Management
_vSeptember 2004, 20-26(6)
520 _aThree articles on creating energy from waste. The first, "The future of fuel", is a general discussion of the industry in the UK. "Super Sonix" looks at a new process of generating green power from waste technology. The final article, "Building up a head of steam", examines the ways European countries can benefit from waste following the landfill directive (Directive 99/31/EC).
590 _aABS
650 _aENERGY FROM WASTE
650 _aENERGY INDUSTRY
650 _aENERGY RESOURCES
650 _aDIRECTIVE 99/31/EC
650 _aGREEN ENERGY
690 _aENVIRONMENTAL AND LAND CONSULTANCY-ENERGY
942 _n0
999 _c74536
_d74536